000 01374nam a22002655a 4500
001 C01578024c-7
003 CO-ViMGA
005 20230915233553.0
008 170724s g 000 0dspa d
020 _a9789585419049
040 _aCO-ViMGA
_bspa
_cCO-ViMGA
082 0 4 _a P POEP
245 1 0 _aPoesía en español /
_cedición y selección, Iván Hernández ; Francisco de Quevedo ... [y otros quince] ; ilustradora, Silvana Giraldo
260 _bMinisterio de Cultira de Colombia.
_a Bogotá :
_c2016
300 _a30 p.
_bilustraciones en color ; 27 cm
490 _aLeer es mi cuento ;
_v19
500 _aRecomendado para niños a partir de 8 años
520 _a "En esta obra están algunos de los poemas más hermosos de la lengua española. En su mayoría fueron escrito por poetas que murieron hace muchos años; otros, por poetas muertos hace poco. Creemos que los clásicos son siempre modernos. Se dice, con razón, que cada lengua tiene su particular manera de sentir. Esta obra es una muestra de cómo se siente la vida en español, cómo sentimos el mundo en su belleza y grandiosidad"
650 1 4 _aLiteratura infantil
_9827
650 1 4 _aPoesía infantil
_9844
700 1 _a Hernández, Iván
_e editor
_eseleccionador
_911007
700 1 _aGiraldo, Silvana
_e ilustradora
_911006
700 1 _aQuevedo, Francisco de
_911005
942 _2ddc
_cBK
999 _c10427
_d10427